000
00277nam a2200097Ia 4500
001
854675
005
20250826174556.0
008
250824s9999 xx 000 0 und d
245
0
_a
OSMANLI GÜNLÜKLERİ:YENİLİK SULTANLARI
_c
SEVİNÇ KUŞOĞLU
260
_b
GENÇ TİMAŞ YAYINLARI
999
_c
854675
_d
854675